Z-Letter Subdivisions of Africa - Statistics

General Stats
  • This quiz has been taken 22 times
    7 since last reset
  • The average score is 5 of 11
Answer Stats
Country Subdivision Type Answer % Correct
Namibia Region Zambezi
80%
Niger Region Zinder
80%
Nigeria State Zamfara
60%
Tunisia Governorate Zaghouan
40%
Angola Province Zaire
40%
Mozambique Province Zambezia
40%
Côte d'Ivoire Autonomous District Zanzan
40%
Senegal Region Ziguinchor
40%
Benin Department Zou
40%
Libya District Zawiya
20%
Uganda District Zombo
20%
No matching quizzes found
Score Distribution
Percent of People with Each Score
Percentile by Number Answered
Your Score History
You have not taken this quiz since the last reset